000 01288nam a2200241 a 4500
001 000018953
005 20240229073920.0
008 100521s1992 dr c 000 0 spa d
040 _aDO-SdBNP
_bspa
_cBNPHU
082 _a928.61
_bM425c
100 1 _aMateo, Andrés L.,
_d 1946-
_9776
245 1 0 _aCamila Henríquez Ureña :
_bla virtud del anonimato /
_cAndrés L. Mateo.
260 _aSanto Domingo :
_bUASD,
_c1992.
300 _a23 p. :
_bretrs. ;
_c21 cm.
490 1 _aPublicaciones de la Universidad Autónoma de Santo Domingo ;
_aLiteratura y Sociedad ;
_vv. 701
500 _aConferencia leída en el Museo de Historia y Geografía en el año 1985, con motivo de la puesta en circulación de los libros de Camila Henríquez Ureña. Invitación a la lectura y Feminismo.
500 _aIncluye datos biográficos del autor en la contracubierta
500 _aEdición de la comisión Permanente de la Feria Nacional del Libro y de la Universidad Autónoma de Santo Domingo, con motivo de la Feria Iberoamericana del libro.
590 _aInventariado, 2019/VM
600 1 4 _aHENRÍQUEZ UREÑA, CAMILA,
_d1894-1973
_92536
650 4 _aHenríquez ureña (familia)
_940787
830 0 _aPublicaciones de la Universidad Autónoma de Santo Domingo ;
_pLiteratura y Sociedad ;
_n701
_940788
999 _c18471
_d18471